Advanced Warehousing Technologies in Business Management

Technológie, logistické technológie a skladové technológie. Pokrokové skladové technológie využívajúce sa v riadení podniku. Moderne vybavené sklady.

Na minha lista:
Detalhes bibliográficos
Autor principal: Richnák, Patrik, 1988-
Outros Autores: Franková, Dominika, 1995-
Formato: Capítulo de Livro
Idioma:eslovaco
Assuntos:
Tags: Adicionar Tag
Sem tags, seja o primeiro a adicionar uma tag!

MARC

LEADER 00000naa$a2200000$$$4500
001 0270017
005 20240521100340.9
041 0 |a slo 
044 |a PL 
245 1 0 |a Advanced Warehousing Technologies in Business Management  |c Patrik Richnák, Dominika Franková 
520 |a Technológie, logistické technológie a skladové technológie. Pokrokové skladové technológie využívajúce sa v riadení podniku. Moderne vybavené sklady. 
610 2 0 |a sklady 
610 2 0 |a inovácia 
610 2 0 |a riadenie podnikové 
610 2 0 |a logistika 
100 1 |a Richnák, Patrik, 1988- 
700 1 |a Franková, Dominika, 1995-